000 01117cas a22002415a 4500
001 L153320
008 110711c2007 xxk r wss eng u
035 _a(Sirsi) u153320
041 0 _aeng
050 _a333.33 $2 18
110 2 _aColliers International
_95548
245 0 0 _aCare homes review
_h[electronic resource]
260 _a[S.l.]
_bColliers International
_c2007-
362 0 _aSpring 2007-
490 0 _aColliers International Care Homes Review
_v2007-
520 _aRegular series of papers that provides in-depth analysis of the healthcare property and business sector, focusing on long-term residential and nursing care for the elderly derived from more than 3,500 records across a wide spectrum of different care providers, from corporates through to single home operator.
554 _aTwo per year
650 2 4 _aCOLLIERS INTERNATIONAL CARE HOMES REVIEW
651 4 _aUnited Kingdom
_y
690 _aPROPERTY-COMMERCIAL PROPERTY-COMMERCIAL PROPERTY MARKET
856 4 0 _uhttps://www.colliers.com/markets/uk/HealthcareReports
_zView the report free of charge at www.colliers.com
942 _n0
999 _c119320
_d119320